Travellers' tales : narratives of home and displacement

Αποθηκεύτηκε σε:
Λεπτομέρειες βιβλιογραφικής εγγραφής
Άλλοι συγγραφείς: Robertson, George 1950- (Επιμελητής έκδοσης)
Μορφή: Βιβλίο
Γλώσσα:English
Δημοσίευση: London; New York : Routledge, 1994
Σειρά:Futures, new perspectives for cultural analysis
Θέματα:
Ετικέτες: Προσθήκη ετικέτας
Δεν υπάρχουν, Καταχωρήστε ετικέτα πρώτοι!

MARC

LEADER 00000nam a2200000 i 4500
001 1/8808
008 961126s1994 eng d
020 |a 0-415-07016-3 
035 |l 10017241 
040 |a GR-MY-UA  |b gre  |e aacr 
041 0 |a eng 
082 0 |a 303.482 
245 1 0 |a Travellers' tales :  |b narratives of home and displacement /  |c Edited by George Robertson...[et al.] 
260 |a London; New York :   |b Routledge,   |c 1994 
300 |a 255 p.  |b fig. 
490 1 |a Futures, new perspectives for cultural analysis 
504 |a Includes bibliographical references and index 
650 0 0 |a Intercultural communication. 
650 0 0 |a Travel. 
650 0 0 |a Tourism. 
650 0 0 |a Ethnicity. 
650 0 0 |a Culture conflict. 
650 0 0 |a Travel in literature. 
700 1 |a Robertson, George  |d 1950-  |4 edt 
830 0 |a Futures, new perspectives for cultural analysis 
852 |a INST  |b LESVOS  |e 19961126  |h 303.482 TRA  |p 005100012376  |q 005100012376  |t BK  |y 0 
909 |a Λ  |b 049005